[Event "24.Offene Herner Stadtmeisterschaft 2023"]
[Site "Herne"]
[Date "2023.01.30"]
[Round "1.31"]
[White "Oelmann, Barbara"]
[Black "Gausmann, Thomas"]
[Result "0-1"]
[WhiteElo "762"]
[BlackElo "1741"]
[PlyCount "64"]
[SourceDate "2023.02.04"]

1. d4 d5 2. Nf3 Nf6 3. e3 Bf5 4. c4 e6 5. Nc3 Be7 6. Be2 O-O 7. O-O dxc4 8.
Bxc4 c5 9. b3 Nc6 10. Bb2 cxd4 11. exd4 Bg4 12. Na4 Qa5 13. Be2 Rfd8 14. Rc1 e5
15. Bc3 Bb4 16. Nc5 Rab8 17. Nd3 Bxc3 18. Nfxe5 Nxe5 19. dxe5 Bxe2 20. Qxe2 Nd5
21. e6 Re8 22. exf7+ Kxf7 23. Qf3+ Kg8 24. Rc2 Rf8 25. Qg3 Rbe8 26. b4 Qd8 27.
a3 b6 28. Qg4 Kh8 29. h3 Be5 30. Ne1 Nf6 31. Qf3 Ne4 32. Nd3 Rxf3 0-1

[Event "24.Offene Herner Stadtmeisterschaft 2023"]
[Site "Herne"]
[Date "2023.02.06"]
[Round "2.1"]
[White "Koscielski, Janusz"]
[Black "Rohloff, Marcel"]
[Result "1-0"]
[WhiteElo "2220"]
[BlackElo "1881"]
[PlyCount "73"]
[SourceDate "2023.02.12"]

1. g3 Nf6 2. Bg2 g6 3. e4 d6 4. d4 Bg7 5. Ne2 O-O 6. O-O e5 7. Nbc3 c6 8. a4 Na6 9. h3 Re8 10. Be3 Nc7 11. Qd2 Bd7 12. Bh6 Bh8 13. Rad1 Qc8 14. Kh2 Ne6 15. Be3 Qc7 16. Rfe1 Rad8 17. b4 h5 18. Kh1 b6 19. Qc1 Qc8 20. Kh2 c5 21. dxc5 dxc5 22. b5 Nf8 23. Rd2 Be6 24. Red1 Bc4 25. Nd5 Nxd5 26. exd5 Bxe2 27. Rxe2 Rd6 28. c4 Nh7 29. Qc2 Qd8 30. Rde1 f5 31. Bf4 e4 32. Bxd6 Qxd6 33. Bxe4 fxe4 34. Rxe4 Rxe4 35. Qxe4 Bd4 36. Qe8+ Nf8 37. Re6 1-0

[Event "24.Offene Herner Stadtmeisterschaft 2023"]
[Site "Herne"]
[Date "2023.02.06"]
[Round "2.2"]
[White "Schmidt, Ralph"]
[Black "Quast, Marcel"]
[Result "0-1"]
[WhiteElo "1873"]
[BlackElo "2218"]
[PlyCount "33"]
[SourceDate "2023.02.12"]

1. e4 e6 2. Nc3 d5 3. exd5 exd5 4. d4 Nf6 5. Qf3 Nc6 6. Bb5 Bg4 7. Qg3 Bd6 8. Bf4 O-O 9. Bxd6 cxd6 10. Nge2 Bxe2 11. Bxc6 bxc6 12. Nxe2 Re8 13. f3 Nh5 14. Qg4 Qe7 15. O-O-O Nf6 16. Qg3 Qxe2 17. Rhe1 0-1

[Event "24.Offene Herner Stadtmeisterschaft 2023"]
[Site "Herne"]
[Date "2023.02.06"]
[Round "2.3"]
[White "Kiese, Matthias"]
[Black "Schmidt, Sebastian"]
[Result "1-0"]
[WhiteElo "2149"]
[BlackElo "1868"]
[PlyCount "67"]
[SourceDate "2023.02.12"]

1. d4 Nf6 2. Nf3 d5 3. c4 e6 4. Nc3 dxc4 5. e3 a6 6. Bxc4 b5 7. Be2 Bb7 8. O-O c5 9. dxc5 Qxd1 10. Rxd1 Bxc5 11. a3 Nc6 12. b4 Be7 13. Bb2 O-O 14. Ne1 Rfd8 15. f3 Rxd1 16. Rxd1 Rd8 17. Nd3 Nd5 18. Nxd5 Rxd5 19. Rc1 Ba8 20. Kf2 f6 21. Ke1 Kf7 22. e4 Rd7 23. Nc5 Bxc5 24. Rxc5 Ke7 25. a4 bxa4 26. b5 axb5 27. Bxb5 Rc7 28. Bxa4 Bb7 29. h4 Rc8 30. Rb5 Ba6 31. Rb6 Nb8 32. Ba3+ Kf7 33. Bb3 Rd8 34. Bd6 1-0

[Event "24.Offene Herner Stadtmeisterschaft 2023"]
[Site "Herne"]
[Date "2023.02.06"]
[Round "2.4"]
[White "Funke, Eckhard"]
[Black "Waldschmidt, Georg"]
[Result "0-1"]
[WhiteElo "1886"]
[BlackElo "2135"]
[PlyCount "116"]
[SourceDate "2023.02.12"]

1. d4 d5 2. c4 e6 3. Nc3 Be7 4. Nf3 Nf6 5. Bg5 h6 6. Bh4 O-O 7. cxd5 Nxd5 8. Bxe7 Qxe7 9. e3 Nxc3 10. bxc3 c5 11. Be2 Nd7 12. O-O b6 13. a4 a6 14. a5 b5 15. c4 b4 16. Nd2 Ra7 17. Nb3 Rc7 18. Qd2 cxd4 19. exd4 Rd8 20. Qf4 e5 21. Qe3 Re8 22. Bg4 exd4 23. Qxd4 Bb7 24. Rad1 Qg5 25. f3 Ne5 26. Qd2 Nxg4 27. Qxg5 hxg5 28. fxg4 Re2 29. Rf2 Rxf2 30. Kxf2 Rxc4 31. Rd8+ Kh7 32. Rd7 Rf4+ 33. Kg3 Bc8 34. Rd6 Rxg4+ 35. Kf2 Rc4 36. Nd2 Rc2 37. Ke3 Rc5 38. Nb3 Rc3+ 39. Rd3 Rc6 40. Kd2 Bf5 41. Nd4 Rc5 42. Rb3 Rxa5 43. Rxb4 Rd5 44. g3 a5 45. Rc4 Bd7 46. Kc3 Kg6 47. Rc7 Be8 48. Ra7 Rc5+ 49. Kd2 a4 50. Ra6+ f6 51. g4 Bd7 52. h3 Kf7 53. Ra7 Ke8 54. Ra8+ Ke7 55. Ra7 Kd6 56. Nf5+ Bxf5 57. gxf5 Rc4 58. Rxg7 Ke5 0-1

[Event "24.Offene Herner Stadtmeisterschaft 2023"]
[Site "Herne"]
[Date "2023.02.06"]
[Round "2.5"]
[White "Lang, Daniel"]
[Black "Radi, Günter"]
[Result "0-1"]
[WhiteElo "2116"]
[BlackElo "1837"]
[PlyCount "62"]
[SourceDate "2023.02.12"]

1. d4 d5 2. c4 e6 3. Nf3 Nf6 4. g3 a6 5. Bg2 dxc4 6. Ne5 c5 7. O-O cxd4 8. Bg5 Be7 9. Nd2 h6 10. Bxf6 Bxf6 11. Ndxc4 Ra7 12. Rc1 O-O 13. f4 b5 14. Nd2 Qb6 15. Nd3 Bb7 16. Ne4 Be7 17. b4 Rd8 18. Qb3 Nd7 19. Rc2 Nf6 20. Nd2 Bxg2 21. Kxg2 Nd5 22. Rfc1 Ne3+ 23. Kf2 Nxc2 24. Qxc2 Bd6 25. Ne4 Rc7 26. Nec5 Bxc5 27. Nxc5 Qd6 28. Rd1 e5 29. Qe4 exf4 30. Nb7 fxg3+ 31. Ke1 Qd5 0-1

[Event "24.Offene Herner Stadtmeisterschaft 2023"]
[Site "Herne"]
[Date "2023.02.06"]
[Round "2.6"]
[White "Boost, Jürgen"]
[Black "Hammerich, Simon"]
[Result "0-1"]
[WhiteElo "1813"]
[BlackElo "2092"]
[PlyCount "68"]
[SourceDate "2023.02.12"]

1. e4 e5 2. Nf3 Nc6 3. Bb5 a6 4. Bxc6 dxc6 5. O-O Ne7 6. d4 exd4 7. Nxd4 c5 8. Nb3 Qxd1 9. Rxd1 Ng6 10. Be3 b6 11. Nc3 Bd7 12. Nd5 O-O-O 13. a4 a5 14. h3 Kb7 15. f4 f5 16. e5 Be6 17. Nc3 Be7 18. Kf2 Rhe8 19. g3 Bf8 20. Kf3 h5 21. Nd2 Ne7 22. Nf1 Nc6 23. Bf2 Nd4+ 24. Bxd4 cxd4 25. Nb5 Bc5 26. Ke2 Rd7 27. b3 Red8 28. Kd3 Bb4 29. Nd2 c6 30. Na3 Ka6 31. Nac4 Ra8 32. Rf1 b5 33. axb5+ cxb5 34. Nxa5 Kb6 0-1

[Event "24.Offene Herner Stadtmeisterschaft 2023"]
[Site "Herne"]
[Date "2023.02.06"]
[Round "2.7"]
[White "Hahn, Matthias"]
[Black "Löffelbein, Klaus"]
[Result "1-0"]
[WhiteElo "2084"]
[BlackElo "1834"]
[PlyCount "69"]
[SourceDate "2023.02.12"]

1. d4 Nf6 2. c4 e6 3. Nc3 d5 4. cxd5 exd5 5. Bg5 Be7 6. e3 O-O 7. Bd3 c6 8. Qc2 Nbd7 9. Nge2 Re8 10. O-O h6 11. Bh4 Ne4 12. Bxe7 Qxe7 13. Bxe4 dxe4 14. d5 Nf6 15. Rfd1 Nxd5 16. Nxd5 cxd5 17. Rxd5 Bd7 18. Qc7 Bc6 19. Qxe7 Rxe7 20. Rc5 Rd8 21. Nd4 Be8 22. Rac1 g6 23. g4 Kg7 24. Kg2 Rd6 25. b3 Kf6 26. Kg3 a6 27. h4 Rb6 28. a4 Kg7 29. Rc7 Rd7 30. Rxd7 Bxd7 31. Rc7 Be8 32. a5 Rb4 33. Kf4 Kf8 34. Kxe4 Bc6+ 35. Kd3 1-0

[Event "24.Offene Herner Stadtmeisterschaft 2023"]
[Site "Herne"]
[Date "2023.02.06"]
[Round "2.8"]
[White "Bautz, Volker"]
[Black "Schulze-Schwerin, Ph"]
[Result "0-1"]
[WhiteElo "1799"]
[BlackElo "2037"]
[PlyCount "116"]
[SourceDate "2023.02.12"]

1. d4 d5 2. c4 Nf6 3. Nc3 e6 4. cxd5 exd5 5. Bg5 Be7 6. e3 c6 7. Bd3 Ne4 8. Bf4 Nxc3 9. bxc3 Bd6 10. Bg3 Bxg3 11. hxg3 h6 12. Nf3 Nd7 13. Qe2 Nf6 14. Ne5 Be6 15. Rb1 Qc7 16. f3 Nd7 17. Nxd7 Qxd7 18. Kf2 O-O 19. Rh5 f5 20. Qc2 Rf6 21. c4 Qf7 22. cxd5 cxd5 23. Rhh1 Rc8 24. Qb3 Rc7 25. Rhc1 Re7 26. Qa3 b6 27. Rc6 g5 28. Qd6 Kg7 29. Qe5 Bd7 30. Rxf6 Qxf6 31. Qxd5 Be6 32. Qd8 Bxa2 33. Rc1 Qe6 34. e4 fxe4 35. fxe4 Rd7 36. Qc8 Qf6+ 37. Ke2 Qxd4 38. Qc3 Qxc3 39. Rxc3 Be6 40. Rc6 Re7 41. Ke3 Kf6 42. Bc4 Ke5 43. Bxe6 Rxe6 44. Rc7 a5 45. Rd7 Rc6 46. Re7+ Kd6 47. Re8 a4 48. Kd4 Kd7 49. Ra8 b5 50. e5 Rc1 51. Ra7+ Ke6 52. Ra6+ Kf5 53. Rf6+ Kg4 54. Rf3 b4 55. e6 Rc8 56. e7 Re8 57. Kc4 Rxe7 58. Kxb4 Re2 0-1

[Event "24.Offene Herner Stadtmeisterschaft 2023"]
[Site "Herne"]
[Date "2023.02.06"]
[Round "2.5"]
[White "Lang, Daniel"]
[Black "Radi, Günter"]
[Result "0-1"]
[WhiteElo "2116"]
[BlackElo "1837"]
[PlyCount "62"]
[SourceDate "2023.02.12"]

1. d4 d5 2. c4 e6 3. Nf3 Nf6 4. g3 a6 5. Bg2 dxc4 6. Ne5 c5 7. O-O cxd4 8. Bg5 Be7 9. Nd2 h6 10. Bxf6 Bxf6 11. Ndxc4 Ra7 12. Rc1 O-O 13. f4 b5 14. Nd2 Qb6 15. Nd3 Bb7 16. Ne4 Be7 17. b4 Rd8 18. Qb3 Nd7 19. Rc2 Nf6 20. Nd2 Bxg2 21. Kxg2 Nd5 22. Rfc1 Ne3+ 23. Kf2 Nxc2 24. Qxc2 Bd6 25. Ne4 Rc7 26. Nec5 Bxc5 27. Nxc5 Qd6 28. Rd1 e5 29. Qe4 exf4 30. Nb7 fxg3+ 31. Ke1 Qd5 0-1

[

[Event "24.Offene Herner Stadtmeisterschaft 2023"]
[Site "Herne"]
[Date "2023.02.06"]
[Round "2.9"]
[White "Trzaska, Peter"]
[Black "Nebel, Uwe"]
[Result "1/2-1/2"]
[WhiteElo "2036"]
[BlackElo "1809"]
[PlyCount "29"]
[SourceDate "2023.02.12"]

1. f4 d5 2. Nf3 Nf6 3. b3 g6 4. Bb2 Bg7 5. e3 O-O 6. Be2 b6 7. O-O Bb7 8. Ne5 Nbd7 9. d3 Nxe5 10. Bxe5 Nd7 11. Bxg7 Kxg7 12. Nd2 Nf6 13. Nf3 Nd7 14. Qe1 e6 15. Ne5 1/2-1/2

[Event "24.Offene Herner Stadtmeisterschaft 2023"]
[Site "Herne"]
[Date "2023.02.06"]
[Round "2.10"]
[White "Boxberg, Olaf"]
[Black "Melmer, Felix"]
[Result "0-1"]
[WhiteElo "1765"]
[BlackElo "2031"]
[PlyCount "76"]
[SourceDate "2023.02.12"]

1. e4 c5 2. Nf3 Nc6 3. d3 g6 4. g3 Bg7 5. Bg2 d6 6. O-O e5 7. c3 Nge7 8. Re1 O-O 9. a3 h6 10. b4 a6 11. Be3 b6 12. d4 exd4 13. cxd4 Bg4 14. Ra2 Nxd4 15. h3 Nxf3+ 16. Bxf3 Bxf3 17. Qxf3 Nc6 18. Rc2 Ne5 19. Qe2 a5 20. Rd1 axb4 21. axb4 Qf6 22. f4 Nc6 23. bxc5 dxc5 24. e5 Qe7 25. Nc3 Nb4 26. Rcd2 Rfd8 27. Rxd8+ Rxd8 28. Nb5 Rxd1+ 29. Qxd1 Qe6 30. Kf2 Qa2+ 31. Qd2 Qxd2+ 32. Bxd2 Nd5 33. Kg2 f6 34. Kf3 Kf7 35. Nd6+ Ke6 36. Ke4 fxe5 37. Ne8 Nf6+ 38. Nxf6 Bxf6 0-1

[Event "24.Offene Herner Stadtmeisterschaft 2023"]
[Site "Herne"]
[Date "2023.02.06"]
[Round "2.11"]
[White "Althoff, Ralph"]
[Black "Mayeres, Hans-Christian"]
[Result "1-0"]
[WhiteElo "1976"]
[BlackElo "1763"]
[PlyCount "71"]
[SourceDate "2023.02.12"]

1. d4 g6 2. Nf3 Bg7 3. g3 c5 4. c4 cxd4 5. Nxd4 Nc6 6. Be3 Nf6 7. Nc3 Ng4 8. Nxc6 bxc6 9. Bd4 Nf6 10. Bg2 O-O 11. O-O Qc7 12. Rc1 a5 13. Na4 Rb8 14. Qd2 Ne8 15. Be3 d6 16. c5 d5 17. Nb6 Rb7 18. b3 Ra7 19. Rfd1 Nf6 20. Bd4 Nd7 21. Bxg7 Kxg7 22. e4 Nxb6 23. cxb6 Qxb6 24. exd5 cxd5 25. Qxd5 Rd7 26. Qe5+ f6 27. Qe2 Ba6 28. Qe1 Rfd8 29. Rxd7 Rxd7 30. Rc6 Qb5 31. Re6 Bb7 32. Rxe7+ Kf8 33. Re8+ Kg7 34. Re7+ Kf8 35. Rxd7 Qxd7 36. Bxb7 1-0

[Event "24.Offene Herner Stadtmeisterschaft 2023"]
[Site "Herne"]
[Date "2023.02.06"]
[Round "2.12"]
[White "Dlouhy, Peter"]
[Black "Dunsche, Daniel"]
[Result "1/2-1/2"]
[WhiteElo "1750"]
[BlackElo "1959"]
[PlyCount "83"]
[SourceDate "2023.02.12"]

1. d4 d5 2. Bf4 Nf6 3. e3 e6 4. Nd2 Bd6 5. Bg3 c5 6. c3 O-O 7. Ngf3 Qc7 8. Ne5 Nc6 9. f4 Ne7 10. Bd3 Nf5 11. Bf2 Be7 12. g4 Nd6 13. Qf3 b6 14. Bh4 Nfe4 15. Bxe7 Qxe7 16. g5 Bb7 17. Rg1 Rfc8 18. Qh5 b5 19. Ng4 Kh8 20. Nf3 g6 21. Qh3 Qf8 22. Nfe5 Qg7 23. Bxe4 Nxe4 24. Nh6 Rc7 25. dxc5 Nxc5 26. Rg4 Ne4 27. Rh4 f6 28. gxf6 Qxf6 29. Nhg4 Qf5 30. Rh6 Rg7 31. Nf3 Rf8 32. Nd4 Qf7 33. Ne5 Qf6 34. Qxe6 Re7 35. Qxf6+ Rxf6 36. O-O-O Kg7 37. Rh4 a6 38. Rg1 Bc8 39. Kd1 Rc7 40. Nd3 Re7 41. Ne5 Rc7 42. Nd3 1/2-1/2

[Event "24.Offene Herner Stadtmeisterschaft 2023"]
[Site "Herne"]
[Date "2023.02.06"]
[Round "2.13"]
[White "Wiechen, Ulrich"]
[Black "Kleinert, Andreas"]
[Result "1-0"]
[WhiteElo "1941"]
[BlackElo "1749"]
[PlyCount "117"]
[SourceDate "2023.02.12"]

1. e4 d6 2. d4 Nf6 3. Nc3 e5 4. Nf3 Nbd7 5. Bc4 Be7 6. dxe5 dxe5 7. Bxf7+ Kxf7 8. Ng5+ Kg8 9. Ne6 Qe8 10. Nxc7 Qg6 11. Nxa8 Qxg2 12. Rf1 Nc5 13. Be3 Bh3 14. Qe2 Qxf1+ 15. Qxf1 Bxf1 16. Kxf1 Kf7 17. Nc7 Rc8 18. N7d5 Nfxe4 19. Nxe4 Nxe4 20. Nxe7 Kxe7 21. c3 a6 22. Re1 Nf6 23. Bd4 Nd7 24. Bxe5 Nxe5 25. Rxe5+ Kd6 26. Re4 Rf8 27. Ke2 Rf5 28. h4 Rf6 29. Ke3 Rg6 30. a4 Rg1 31. f3 g6 32. Kf4 Rg2 33. Rb4 Kc6 34. a5 Rg1 35. Rb6+ Kc7 36. Rf6 h5 37. Ke4 Rg2 38. b4 Rg3 39. Kd5 Rh3 40. Rf7+ Kb8 41. Rf4 Rh1 42. Kc5 Ka7 43. c4 Re1 44. Kd6 Rb1 45. c5 Re1 46. Rf7 Rd1+ 47. Ke5 Kb8 48. Rf6 Re1+ 49. Kf4 Rg1 50. Rb6 Rc1 51. Kg5 Rg1+ 52. Kh6 Kc7 53. Rxg6 Rb1 54. Rb6 Rf1 55. Rf6 Rb1 56. Rf4 Kc6 57. Kxh5 Kb5 58. Kg6 Re1 59. h5 1-0

[Event "24.Offene Herner Stadtmeisterschaft 2023"]
[Site "Herne"]
[Date "2023.02.06"]
[Round "2.14"]
[White "Gausmann, Thomas"]
[Black "Pinno, Gregor"]
[Result "1-0"]
[WhiteElo "1741"]
[BlackElo "1911"]
[PlyCount "67"]
[SourceDate "2023.02.12"]

1. e4 c5 2. c3 Nf6 3. e5 Nd5 4. d4 cxd4 5. Nf3 Nc6 6. Bc4 Nb6 7. Bb3 d5 8. exd6 Qxd6 9. O-O e6 10. cxd4 Nb4 11. Nc3 Be7 12. Ne4 Qd8 13. Be3 O-O 14. Rc1 Bd7 15. a3 N4d5 16. Nc5 Bc6 17. Ne5 Rc8 18. Qh5 Nf6 19. Qh3 Nbd5 20. Nxc6 bxc6 21. Ba4 Qb6 22. Nd3 Qa6 23. Bc2 Rb8 24. Ne5 Rxb2 25. Bd3 Qb7 26. Rxc6 a5 27. Rfc1 Bxa3 28. Ba6 Qe7 29. Bg5 Rbb8 30. Bd3 Bd6 31. Bxh7+ Kh8 32. Bg6+ Kg8 33. Bxf7+ Rxf7 34. Ng6 1-0

[Event "24.Offene Herner Stadtmeisterschaft 2023"]
[Site "Herne"]
[Date "2023.02.06"]
[Round "2.15"]
[White "Cobanoglu, Ferhat"]
[Black "Müller-Kreth, Kai"]
[Result "1-0"]
[WhiteElo "1911"]
[BlackElo "1732"]
[PlyCount "105"]
[SourceDate "2023.02.12"]

1. e4 e5 2. Nf3 Nc6 3. d3 Nf6 4. Be2 d5 5. Nbd2 d4 6. c3 Bd6 7. cxd4 Nxd4 8. Nxd4 exd4 9. Qa4+ c6 10. Qxd4 Qe7 11. O-O O-O 12. Nc4 Bc5 13. Qe5 Qxe5 14. Nxe5 Bd4 15. Nf3 Bb6 16. h3 h6 17. Ne1 Be6 18. Nc2 Rfd8 19. Be3 Bxe3 20. Nxe3 Rd7 21. f4 Rdd8 22. f5 Bc8 23. g4 b6 24. Rfd1 c5 25. b4 cxb4 26. e5 Nd7 27. d4 Bb7 28. Nc4 Bd5 29. Nd6 a5 30. Bc4 Bxc4 31. Nxc4 Rdc8 32. Rac1 b5 33. Nd6 Rc3 34. Rxc3 bxc3 35. Nxb5 Rc8 36. Rc1 c2 37. Kf2 Nb6 38. Ke2 Nd5 39. Kd2 Rb8 40. Nc3 Nf4 41. Rxc2 Nxh3 42. Kd3 Rc8 43. Nd5 Rxc2 44. Kxc2 Nf2 45. Ne3 Kf8 46. Kb3 g6 47. fxg6 fxg6 48. Kc4 h5 49. gxh5 gxh5 50. Nf5 Kf7 51. Kd5 Nd3 52. e6+ Ke8 53. Kd6 1-0

[Event "24.Offene Herner Stadtmeisterschaft 2023"]
[Site "Herne"]
[Date "2023.02.06"]
[Round "2.16"]
[White "Schicktanz, Florian"]
[Black "Westendorp, Christopher"]
[Result "1/2-1/2"]
[WhiteElo "1731"]
[BlackElo "1851"]
[PlyCount "66"]
[SourceDate "2023.02.12"]

1. c4 Nf6 2. g3 g6 3. Bg2 Bg7 4. Nc3 O-O 5. d4 d6 6. e4 Nc6 7. Nge2 e5 8. dxe5 Nxe5 9. b3 Bg4 10. h3 Bf3 11. O-O c6 12. Bxf3 Nxf3+ 13. Kg2 Qd7 14. Bf4 Ne5 15. Bxe5 dxe5 16. Qxd7 Nxd7 17. Rfd1 Rfd8 18. Rd6 Bf8 19. Rd2 Nc5 20. Rad1 Be7 21. Rxd8+ Rxd8 22. Rxd8+ Bxd8 23. Kf3 Ne6 24. g4 Nd4+ 25. Nxd4 exd4 26. Nd1 g5 27. e5 f6 28. exf6 Bxf6 29. Ke4 Kf7 30. Nb2 Ke6 31. Nd3 b6 32. Ne1 a5 33. Nf3 c5 1/2-1/2

[Event "24.Offene Herner Stadtmeisterschaft 2023"]
[Site "Herne"]
[Date "2023.02.06"]
[Round "2.17"]
[White "Vossen, Dieter"]
[Black "Koch, Burkhardt"]
[Result "0-1"]
[WhiteElo "1500"]
[BlackElo "1765"]
[PlyCount "108"]
[SourceDate "2023.02.12"]

1. e4 e6 2. d4 d5 3. e5 c5 4. Bb5+ Nc6 5. Ne2 Qa5+ 6. Nbc3 cxd4 7. Nxd4 Bd7 8. Bxc6 bxc6 9. O-O Ne7 10. Nb3 Qc7 11. f4 Nf5 12. g4 Qb6+ 13. Kh1 Ne3 14. Bxe3 Qxe3 15. Nd4 Bc5 16. Nb3 Bb4 17. Rf3 Qb6 18. a3 Be7 19. Qg1 Qxg1+ 20. Rxg1 c5 21. f5 d4 22. Ne4 Bc6 23. Nbd2 O-O-O 24. Kg2 h5 25. g5 exf5 26. Rxf5 Bd5 27. h4 Rhe8 28. Kg3 g6 29. Rf4 Bf8 30. Nf6 Rxe5 31. Nxd5 Rdxd5 32. Rxf7 Bd6 33. Kg2 Re2+ 34. Rf2 Rxf2+ 35. Kxf2 Rf5+ 36. Nf3 Bf4 37. Re1 Be3+ 38. Kg3 Rf4 39. Rxe3 Rg4+ 40. Kf2 dxe3+ 41. Kxe3 Kc7 42. b3 Kd6 43. c4 Ke6 44. Kd3 Rf4 45. Ke2 Kf5 46. Ke3 Re4+ 47. Kd3 Kf4 48. Nd2 Re3+ 49. Kc2 a5 50. Nf1 Rh3 51. b4 axb4 52. axb4 cxb4 53. Nd2 Rc3+ 54. Kb2 Ke3 0-1

[Event "24.Offene Herner Stadtmeisterschaft 2023"]
[Site "Herne"]
[Date "2023.02.06"]
[Round "2.18"]
[White "Bock, Oswin"]
[Black "Ewers, Christian"]
[Result "0-1"]
[WhiteElo "1378"]
[BlackElo "1762"]
[PlyCount "64"]
[SourceDate "2023.02.12"]

1. Nf3 b6 2. c4 Bb7 3. Nc3 f5 4. d3 Nf6 5. e3 e6 6. Be2 Bb4 7. O-O Bxc3 8. bxc3 O-O 9. a4 Nc6 10. Ba3 d6 11. h3 Qe8 12. Re1 h6 13. Nh2 g5 14. Rb1 h5 15. f4 g4 16. h4 g3 17. Nf3 Ng4 18. Bc1 Ne7 19. Ng5 Ng6 20. Bf3 c6 21. e4 Nf2 22. Qc2 fxe4 23. Bxh5 exd3 24. Qb3 e5 25. c5+ d5 26. Rxe5 Nxe5 27. Bxe8 Nc4 28. Qa2 Raxe8 29. Bd2 Re2 30. Nf3 Rxf4 31. Re1 Rxd2 32. Nxd2 Rxh4 0-1

[Event "24.Offene Herner Stadtmeisterschaft 2023"]
[Site "Herne"]
[Date "2023.02.06"]
[Round "2.19"]
[White "Winterkamp, Sascha"]
[Black "Meinberger, Manfred"]
[Result "1-0"]
[WhiteElo "1934"]
[BlackElo "1575"]
[PlyCount "39"]
[SourceDate "2023.02.12"]

1. d4 e6 2. Nf3 d5 3. c3 Nf6 4. Bg5 Be7 5. Nbd2 Nbd7 6. e3 c5 7. Bd3 c4 8. Bc2 b5 9. Qe2 a5 10. O-O O-O 11. e4 Nb6 12. Ne5 Bb7 13. Bxf6 Bxf6 14. f4 Bxe5 15. fxe5 Rc8 16. Rf3 f6 17. exf6 Rxf6 18. e5 Rxf3 19. Qxf3 Qg5 20. Rd1 1-0

[Event "24.Offene Herner Stadtmeisterschaft 2023"]
[Site "Herne"]
[Date "2023.02.06"]
[Round "2.20"]
[White "Rathke, Dieter"]
[Black "Bauer, Matthias"]
[Result "1/2-1/2"]
[WhiteElo "1552"]
[BlackElo "1695"]
[PlyCount "72"]
[SourceDate "2023.02.12"]

1. d4 d5 2. Nf3 c6 3. e3 f5 4. Ne5 Nf6 5. c4 e6 6. cxd5 exd5 7. Be2 Bb4+ 8. Bd2 Bxd2+ 9. Nxd2 O-O 10. O-O Be6 11. b4 a6 12. a4 Nbd7 13. f3 Nxe5 14. dxe5 Nd7 15. f4 g5 16. Nf3 g4 17. Nd4 Qe7 18. Qd2 c5 19. bxc5 Nxc5 20. Qb4 Rfe8 21. Rab1 Bd7 22. Rfc1 Rac8 23. Qa5 Bxa4 24. Nxf5 Qc7 25. Qxc7 Rxc7 26. Nd6 Ree7 27. Bxg4 Ne4 28. Rxc7 Rxc7 29. Be6+ Kf8 30. Nxe4 dxe4 31. Bf5 Bc6 32. h3 a5 33. Rc1 Re7 34. Rc4 a4 35. Bxe4 Bxe4 36. Rxa4 Bc6 1/2-1/2

[Event "24.Offene Herner Stadtmeisterschaft 2023"]
[Site "Herne"]
[Date "2023.02.06"]
[Round "2.22"]
[White "von Blumenthal, Nikolaus"]
[Black "Feldhaus, Thomas"]
[Result "1-0"]
[WhiteElo "1541"]
[BlackElo "1690"]
[PlyCount "69"]
[SourceDate "2023.02.12"]

1. e4 d6 2. Bc4 Nf6 3. d3 e5 4. Ne2 Be7 5. Nbc3 Nbd7 6. O-O Nb6 7. Bb3 a5 8. a3 Be6 9. Bxe6 fxe6 10. f4 exf4 11. Nxf4 Qd7 12. a4 O-O 13. Be3 Ra6 14. Qe2 e5 15. Nfd5 Nfxd5 16. Rxf8+ Bxf8 17. exd5 Qc8 18. Qf3 Nd7 19. Rf1 Nf6 20. Ne4 Nd7 21. Qf7+ Kh8 22. Qf5 Ra8 23. b3 Qe8 24. Qf7 Be7 25. Bg5 Bf8 26. c4 Rc8 27. Qxe8 Rxe8 28. Rf7 Nc5 29. Nxc5 dxc5 30. Rxc7 h6 31. Bd2 e4 32. dxe4 Bd6 33. Rxb7 Rxe4 34. Bxa5 Re2 35. Bc3 1-0

[Event "24.Offene Herner Stadtmeisterschaft 2023"]
[Site "Herne"]
[Date "2023.02.06"]
[Round "2.23"]
[White "Bialas, Jan"]
[Black "Landwehr, Ingo"]
[Result "0-1"]
[WhiteElo "1675"]
[BlackElo "1511"]
[PlyCount "50"]
[SourceDate "2023.02.12"]

1. d4 g6 2. Bf4 Bg7 3. Nc3 d6 4. Qd2 Nd7 5. O-O-O a6 6. Nf3 b6 7. e4 Bb7 8. Qe3 e6 9. e5 d5 10. h4 h6 11. h5 g5 12. Bh2 Rc8 13. Nd2 c5 14. Nb3 Ne7 15. g4 cxd4 16. Nxd4 Nc6 17. Nxc6 Bxc6 18. Rg1 b5 19. Ne2 Qa5 20. Kb1 d4 21. Nxd4 Bxe5 22. Nb3 Qc7 23. Rxd7 Bxd7 24. Bxe5 Qxc2+ 25. Ka1 Qd1+ 0-1

[Event "24.Offene Herner Stadtmeisterschaft 2023"]
[Site "Herne"]
[Date "2023.02.06"]
[Round "2.24"]
[White "Mrowetz, Josef"]
[Black "Klein, Andreas"]
[Result "0-1"]
[WhiteElo "1470"]
[BlackElo "1673"]
[PlyCount "90"]
[SourceDate "2023.02.12"]

1. f4 d6 2. Nf3 c6 3. e3 Qc7 4. d4 Nf6 5. Nc3 Nbd7 6. Be2 g6 7. O-O Bg7 8. e4 e5 9. f5 a6 10. fxg6 hxg6 11. Bc4 Nf8 12. Ng5 Be6 13. Nxe6 Nxe6 14. Bxe6 fxe6 15. Bg5 Nh7 16. Be3 O-O-O 17. Bf2 Qe7 18. d5 Nf6 19. Re1 exd5 20. exd5 c5 21. Ne4 Nxe4 22. Rxe4 Bf6 23. c4 g5 24. Bg3 Rh6 25. Qg4+ Kb8 26. Rf1 Rdh8 27. h3 Qg7 28. Kh2 Bd8 29. b3 Qg6 30. Rf2 Ka7 31. Rf1 Rh4 32. Bxh4 Rxh4 33. Qf3 Rxe4 34. g4 Rf4 35. Qe2 Qf6 36. Rxf4 Qxf4+ 37. Kg2 Ba5 38. Qc2 Qd2+ 39. Qxd2 Bxd2 40. Kf3 b5 41. Ke4 Kb6 42. Kf5 Bf4 43. Ke4 bxc4 44. bxc4 Ka5 45. Kd3 Kb4 0-1

[Event "24.Offene Herner Stadtmeisterschaft 2023"]
[Site "Herne"]
[Date "2023.02.06"]
[Round "2.25"]
[White "Tolksdorf, Jürgen"]
[Black "Pollerberg, Amelie"]
[Result "1-0"]
[WhiteElo "1666"]
[BlackElo "1478"]
[PlyCount "35"]
[SourceDate "2023.02.12"]

1. e4 c5 2. Nf3 d6 3. Nc3 Nc6 4. d4 Bg4 5. d5 Nd4 6. Nxd4 Bxd1 7. Bb5+ Qd7 8. Bxd7+ Kxd7 9. Kxd1 cxd4 10. Ne2 e5 11. dxe6+ Kxe6 12. Nxd4+ Ke5 13. c3 Nf6 14. f3 g6 15. g3 Nh5 16. Re1 d5 17. g4 Nf4 18. exd5+ 1-0

[Event "24.Offene Herner Stadtmeisterschaft 2023"]
[Site "Herne"]
[Date "2023.02.06"]
[Round "2.26"]
[White "Krolik, Wilfried"]
[Black "Steinke, Hans-Jörg"]
[Result "1/2-1/2"]
[WhiteElo "1443"]
[BlackElo "1644"]
[PlyCount "73"]
[SourceDate "2023.02.12"]

1. e4 e6 2. b3 d5 3. Bb2 dxe4 4. Nc3 Nf6 5. Qe2 Be7 6. Nxe4 Nbd7 7. f4 O-O 8. g3 Nxe4 9. Qxe4 Nf6 10. Qd4 Qxd4 11. Bxd4 Rd8 12. Ne2 c5 13. Bb2 b6 14. Bg2 Rb8 15. Be5 Bd6 16. Bxd6 Rxd6 17. Nc3 Ba6 18. a4 Rbd8 19. O-O-O Ng4 20. Ne4 R6d7 21. h3 Nf6 22. Nxf6+ gxf6 23. Rhe1 Rd4 24. d3 b5 25. axb5 Bxb5 26. Re3 a5 27. Bf1 a4 28. Kb2 axb3 29. cxb3 c4 30. bxc4 Bxc4 31. Kc3 Ba6 32. Ra1 R4d6 33. Kd2 Rb8 34. Ree1 Rb2+ 35. Ke3 Rb3 36. Red1 Kg7 37. Rab1 1/2-1/2

[Event "24.Offene Herner Stadtmeisterschaft 2023"]
[Site "Herne"]
[Date "2023.02.06"]
[Round "2.27"]
[White "Foltin, Alica"]
[Black "Böcher, Joachim"]
[Result "1-0"]
[WhiteElo "1623"]
[BlackElo "1459"]
[PlyCount "103"]
[SourceDate "2023.02.12"]

1. e4 b6 2. d4 Bb7 3. Nc3 g6 4. Be3 Bg7 5. Bd3 d6 6. f4 Nd7 7. Nf3 c5 8. d5 Rc8 9. O-O Ngf6 10. f5 O-O 11. fxg6 hxg6 12. h3 Ne5 13. Nxe5 dxe5 14. Qd2 a6 15. a4 Qd6 16. Bh6 e6 17. Bc4 exd5 18. Bxg7 Kxg7 19. exd5 Rcd8 20. Rad1 Rd7 21. Qe2 Re8 22. Bxa6 Bxa6 23. Qxa6 e4 24. Qc4 Qg3 25. Ne2 Qe3+ 26. Rf2 Red8 27. Qc3 Qxc3 28. Nxc3 Nxd5 29. Nxe4 Nb4 30. Rdf1 f5 31. Ng5 Re8 32. g4 Kh6 33. Nf3 fxg4 34. hxg4 Re6 35. Rh2+ Kg7 36. Ng5 Ree7 37. c3 Nd5 38. Rf3 Nc7 39. Rh7+ Kg8 40. Rxe7 Rxe7 41. Rf6 Nd5 42. Rxg6+ Kf8 43. c4 Ne3 44. Rxb6 Nxc4 45. Ne6+ Kf7 46. Nxc5 Re2 47. Kf1 Rxb2 48. Rxb2 Nxb2 49. Ke2 Kf6 50. a5 Nc4 51. a6 Ne5 52. a7 1-0